[Event "Summer op"]
[Site "Winnipeg CAN"]
[Date "1998.07.26"]
[Round "5"]
[White "Lukic, Luka"]
[Black "Thomlison, Gary"]
[Result "0-1"]
[WhiteElo "1944"]
[BlackElo "1768"]
[PlyCount "50"]
[GameId "2160767911872736"]
[EventDate "1998.07.24"]
[EventType "swiss"]
[EventRounds "5"]
[EventCountry "CAN"]

1. d4 f5 2. Bf4 e6 3. e3 d5 4. Nf3 Nf6 5. h3 Bd6 6. Bxd6 Qxd6 7. c3 Nbd7 8. Na3 c6 9. Bd3 O-O 10. Qc2 a5 11. O-O-O b5 12. Nb1 Ne4 13. Rdf1 Ba6 14. Qe2 Rfb8 15. Ne1 c5 16. Bxe4 fxe4 17. dxc5 Qxc5 18. Qd2 e5 19. Nc2 b4 20. Rd1 Bd3 21. a3 Qc4 22. Ne1 Nc5 23. Nxd3 Nxd3+ 24. Qxd3 exd3 25. Rd2 d4 0-1

[Event "Summer op"]
[Site "Winnipeg CAN"]
[Date "1998.07.26"]
[Round "5"]
[White "Milord, Frank"]
[Black "Gannon, Keith"]
[Result "1/2-1/2"]
[WhiteElo "1670"]
[BlackElo "1670"]
[PlyCount "65"]
[GameId "2160767911872737"]
[EventDate "1998.07.24"]
[EventType "swiss"]
[EventRounds "5"]
[EventCountry "CAN"]

1. d4 d5 2. c4 e6 3. Nc3 Nf6 4. Bg5 Be7 5. e3 h6 6. Bh4 O-O 7. Nf3 dxc4 8. Bxc4 a6 9. O-O Nc6 10. a3 b5 11. Bd3 Nd5 12. Bxe7 Qxe7 13. Ne4 e5 14. Qc2 Bd7 15. Nc5 exd4 16. Be4 Qd6 17. Nxd7 Qxd7 18. Qc5 Nce7 19. Nxd4 Rfd8 20. Rac1 Rac8 21. Nc6 Qxc6 22. Qxc6 Nxc6 23. Rxc6 Nf6 24. Bf5 Ra8 25. Rxc7 Rd2 26. Rfc1 g6 27. R7c2 Rad8 28. Rxd2 Rxd2 29. Bc2 Ng4 30. h3 Nxf2 31. b4 Nd3 32. Rd1 Rxc2 33. Rxd3 1/2-1/2

[Event "Susies Chess Party"]
[Site "Toronto CAN"]
[Date "1998.08.22"]
[Round "3"]
[White "Dougherty, Michael"]
[Black "Maric, Bosco"]
[Result "0-1"]
[WhiteElo "2366"]
[BlackElo "2271"]
[PlyCount "46"]
[GameId "2160767911806478"]
[EventDate "1998.08.22"]
[EventType "swiss (rapid)"]
[EventRounds "5"]
[EventCountry "CAN"]
[SourceTitle "CFC 1999.02"]
[Source "CFC"]
[SourceDate "1999.02.??"]
[SourceVersionDate "1999.02.??"]
[SourceQuality "1"]

1. e4 e6 2. d4 d5 3. Nc3 Bb4 4. exd5 exd5 5. Bd3 Nc6 6. a3 Be7 7. Be3 Nf6 8. h3 Be6 9. Qf3 Qd7 10. Nge2 O-O-O 11. b4 h6 12. Na4 Ne4 13. c4 f5 14. b5 Na5 15. c5 g5 16. Nec3 f4 17. c6 Qd6 18. cxb7+ Kb8 19. Nxe4 dxe4 20. Bxe4 fxe3 21. Nc5 exf2+ 22. Qxf2 Bd5 23. Na6+ Kxb7 0-1

[Event "Toronto Xmas op"]
[Site "Toronto CAN"]
[Date "1998.12.27"]
[Round "2"]
[White "O'Connor, Michael"]
[Black "Golts, Roman"]
[Result "1/2-1/2"]
[WhiteElo "1950"]
[BlackElo "2300"]
[PlyCount "83"]
[GameId "2160767911806027"]
[EventDate "1998.12.26"]
[EventType "swiss"]
[EventRounds "5"]
[EventCountry "CAN"]

1. d4 Nf6 2. Nf3 e6 3. c4 b6 4. a3 c5 5. e3 d6 6. Nc3 Nbd7 7. Be2 Be7 8. O-O O-O 9. Qc2 Bb7 10. Rd1 a6 11. b3 Rc8 12. Bb2 Qc7 13. Rac1 Qb8 14. Ng5 h6 15. Nge4 cxd4 16. Nxf6+ Bxf6 17. exd4 Bg5 18. Ra1 Qa8 19. d5 exd5 20. Bg4 Rfd8 21. Bxd7 Rxd7 22. Qf5 Rdc7 23. Nxd5 Bxd5 24. Qxd5 Qxd5 25. Rxd5 b5 26. h4 Bxh4 27. cxb5 axb5 28. Bd4 Rb7 29. Rxd6 Be7 30. Rd5 Ra8 31. Bc5 Bxc5 32. Rxc5 Kf8 33. a4 bxa4 34. bxa4 Rba7 35. a5 Ke7 36. Re1+ Kd6 37. Ree5 f6 38. Red5+ Ke6 39. Rb5 g6 40. g4 Rb7 41. Rxb7 Kxd5 42. Rh7 1/2-1/2

[Event "Toronto Xmas op"]
[Site "Toronto CAN"]
[Date "1998.12.28"]
[Round "3"]
[White "Divljan, Igor"]
[Black "O'Connor, Michael"]
[Result "1/2-1/2"]
[WhiteElo "2240"]
[BlackElo "1950"]
[PlyCount "78"]
[GameId "2160767911806028"]
[EventDate "1998.12.26"]
[EventType "swiss"]
[EventRounds "5"]
[EventCountry "CAN"]

1. d4 d5 2. c4 e6 3. Nc3 c5 4. cxd5 cxd4 5. Qxd4 Nc6 6. Qd2 exd5 7. Qxd5 Be6 8. Qxd8+ Rxd8 9. e3 Nb4 10. Bb5+ Ke7 11. Kf1 a6 12. Be2 Nf6 13. Nf3 Nc2 14. Rb1 b5 15. Nd4 Nxd4 16. exd4 Rxd4 17. Be3 Rd7 18. Bf3 Nd5 19. Nxd5+ Bxd5 20. Rc1 Ke6 21. Rc8 g6 22. Re8+ Re7 23. Bxd5+ Kxd5 24. Rd8+ Ke6 25. Bh6 Rd7 26. Re8+ Kf6 27. g4 Bg7 28. Bxg7+ Kxg7 29. Rxh8 Kxh8 30. Ke2 Rd4 31. f3 Kg7 32. Rc1 h5 33. h3 hxg4 34. hxg4 Kh6 35. Rc6 Ra4 36. a3 a5 37. Rc5 b4 38. axb4 Rxb4 39. Rxa5 Rxb2+ 1/2-1/2

[Event "Toronto int."]
[Site "Toronto CAN"]
[Date "1998.05.14"]
[Round "1"]
[White "Acosta, Mariano"]
[Black "Linskiy, Oleg"]
[Result "0-1"]
[WhiteElo "2070"]
[BlackElo "2375"]
[PlyCount "82"]
[GameId "2160767911873199"]
[EventDate "1998.05.14"]
[EventType "swiss"]
[EventRounds "9"]
[EventCountry "CAN"]
[SourceTitle "CBM 065 Extra"]
[Source "ChessBase"]
[SourceDate "1998.09.09"]
[SourceVersion "1"]
[SourceVersionDate "1998.09.09"]
[SourceQuality "1"]

1. d4 d5 2. c4 Bf5 3. Nc3 e6 4. Nf3 c6 5. a3 Nf6 6. Bg5 Be7 7. cxd5 exd5 8. e3 Nbd7 9. Bd3 Bxd3 10. Qxd3 a5 11. O-O O-O 12. Rab1 Re8 13. b4 axb4 14. axb4 b5 15. Ne5 Nxe5 16. dxe5 Nd7 17. Bf4 f6 18. exf6 Bxf6 19. Ra1 Nb6 20. Rxa8 Qxa8 21. Ne2 Nc4 22. Nd4 Qb7 23. Nf5 Qd7 24. h4 Qe6 25. Nd4 Bxd4 26. Qxd4 Ra8 27. h5 h6 28. Ra1 Ra4 29. Rb1 Qf5 30. Qd1 Kh7 31. g4 Qe6 32. g5 hxg5 33. Bxg5 Qf5 34. Bh4 Ra2 35. Bg3 Qe4 36. Rb3 Nd2 37. Rc3 Nf3+ 38. Kf1 Rd2 39. Qc1 d4 40. exd4 Nxd4 41. Bh2 Qe2+ 0-1

[Event "Toronto int."]
[Site "Toronto CAN"]
[Date "1998.05.14"]
[Round "1"]
[White "Crisan, Ioan"]
[Black "Livshits, Ron"]
[Result "0-1"]
[WhiteElo "2235"]
[BlackElo "2360"]
[PlyCount "106"]
[GameId "2160767911873202"]
[EventDate "1998.05.14"]
[EventType "swiss"]
[EventRounds "9"]
[EventCountry "CAN"]
[SourceTitle "CBM 65 ext"]
[Source "ChessBase"]
[SourceDate "1998.09.09"]
[SourceVersion "1"]
[SourceVersionDate "1998.09.09"]
[SourceQuality "1"]

1. e4 c5 2. Nf3 d6 3. d4 cxd4 4. Nxd4 Nf6 5. Nc3 a6 6. Bg5 e6 7. Qf3 Nbd7 8. O-O-O Qc7 9. Bxf6 Nxf6 10. g4 Be7 11. g5 Nd7 12. Rg1 Nb6 13. h4 Bd7 14. h5 g6 15. Qg3 O-O-O 16. f4 Kb8 17. Bd3 Rc8 18. f5 gxf5 19. exf5 Rhg8 20. Qe3 Nc4 21. Bxc4 Qxc4 22. f6 Bd8 23. Nf3 Bc6 24. Kb1 Qb4 25. a3 Bb6 26. Qd3 Qf4 27. Rgf1 h6 28. gxh6 Qxh6 29. Qxd6+ Bc7 30. Qc5 Bxf3 31. Rxf3 Rg5 32. Qe7 Qxh5 33. Rfd3 Rg2 34. Rd7 Qf5 35. R1d3 Qf2 36. Rd2 Qe1+ 37. Rd1 Qf2 38. R1d2 Rg1+ 39. Ka2 Qf4 40. Rxc7 Qxc7 41. Rd7 Qc6 42. Qxf7 Ka8 43. Rd3 Rc1 44. Nd1 Qxc2 45. Qd7 Qb1+ 46. Kb3 R1c7 47. Qd6 Rc6 48. Qd7 Rb6+ 49. Ka4 Qc2+ 50. b3 Rxb3 51. Qxc8+ Qxc8 52. Rxb3 Qd7+ 53. Ka5 Qxd1 0-1

[Event "Toronto int."]
[Site "Toronto CAN"]
[Date "1998.05.14"]
[Round "1"]
[White "Day, Lawrence"]
[Black "Rositsan, Boris"]
[Result "0-1"]
[WhiteElo "2385"]
[BlackElo "2241"]
[PlyCount "46"]
[GameId "2160767911873203"]
[EventDate "1998.05.14"]
[EventType "swiss"]
[EventRounds "9"]
[EventCountry "CAN"]
[SourceTitle "CBM 65 ext"]
[Source "ChessBase"]
[SourceDate "1998.09.09"]
[SourceVersion "1"]
[SourceVersionDate "1998.09.09"]
[SourceQuality "1"]

1. e4 d5 2. exd5 Qxd5 3. Nc3 Qa5 4. g3 Nf6 5. Bg2 Bg4 6. Nf3 Nc6 7. h3 Bh5 8. O-O O-O-O 9. d3 e5 10. Bd2 Qb6 11. Rb1 Bb4 12. g4 Bg6 13. a3 e4 14. Nh4 Bd6 15. b4 Qd4 16. Nb5 Qe5 17. Nxd6+ Qxd6 18. Nxg6 hxg6 19. g5 exd3 20. c4 Nd4 21. gxf6 Ne2+ 22. Kh1 Qe6 23. Kh2 Rxh3+ 0-1

[Event "Toronto int."]
[Site "Toronto CAN"]
[Date "1998.05.14"]
[Round "1"]
[White "Dutton, Warren"]
[Black "Milicevic, Goran"]
[Result "1/2-1/2"]
[WhiteElo "2120"]
[BlackElo "2370"]
[PlyCount "116"]
[GameId "2160767911873206"]
[EventDate "1998.05.14"]
[EventType "swiss"]
[EventRounds "9"]
[EventCountry "CAN"]
[SourceTitle "CBM 065 Extra"]
[Source "ChessBase"]
[SourceDate "1998.09.09"]
[SourceVersion "1"]
[SourceVersionDate "1998.09.09"]
[SourceQuality "1"]

1. e4 e6 2. d4 d5 3. Nd2 Nf6 4. e5 Nfd7 5. f4 c5 6. c3 b6 7. g3 Ba6 8. Bxa6 Nxa6 9. Ngf3 Be7 10. O-O O-O 11. a3 cxd4 12. Nxd4 Qc8 13. Qh5 g6 14. Qh6 Re8 15. g4 Bf8 16. Qh4 Bg7 17. Rf3 Nac5 18. Rh3 h6 19. b4 Na4 20. Nb5 Qc6 21. Nd4 Qc8 22. Nb5 Rf8 23. Qe1 a6 24. Nd6 Qc6 25. Nb3 b5 26. Nd4 Qc7 27. Ra2 Nab6 28. Qe2 Nc4 29. Nxc4 Qxc4 30. Qxc4 dxc4 31. Be3 Rfb8 32. Nc6 Rb7 33. Na5 Rc7 34. Rd2 Bf8 35. Rf3 g5 36. Bd4 gxf4 37. Rxf4 f6 38. Rxf6 Nxf6 39. exf6 Rd8 40. Rf2 Kf7 41. Kg2 Rd5 42. Re2 Bd6 43. Kf3 e5 44. Ke4 exd4 45. Kxd5 d3 46. Rf2 Bxh2 47. Rxh2 d2 48. Kd6 d1=Q+ 49. Kxc7 Qxg4 50. Rd2 Kxf6 51. Rd6+ Kf7 52. Rxh6 Qg3+ 53. Kb7 Qxc3 54. Kxa6 Qf3 55. Kxb5 c3 56. Rc6 Qd3+ 57. Ka4 Qd1+ 58. Nb3 Qd7 1/2-1/2

[Event "Toronto int."]
[Site "Toronto CAN"]
[Date "1998.05.14"]
[Round "1"]
[White "Golyak, Isay"]
[Black "Kudrin, Sergey"]
[Result "0-1"]
[WhiteElo "2290"]
[BlackElo "2565"]
[PlyCount "46"]
[GameId "2160767911873207"]
[EventDate "1998.05.14"]
[EventType "swiss"]
[EventRounds "9"]
[EventCountry "CAN"]
[SourceTitle "CBM 065 Extra"]
[Source "ChessBase"]
[SourceDate "1998.09.09"]
[SourceVersion "1"]
[SourceVersionDate "1998.09.09"]
[SourceQuality "1"]

1. e4 c5 2. Nf3 d6 3. c3 Nf6 4. Bd3 Bg4 5. h3 Bxf3 6. Qxf3 Nc6 7. Bc2 g6 8. O-O Bg7 9. d3 O-O 10. Qe2 Qc7 11. Re1 b5 12. a3 a5 13. Be3 Nd7 14. Bb3 b4 15. axb4 axb4 16. Rxa8 Rxa8 17. cxb4 Nxb4 18. Nc3 Ne5 19. Nd5 Nxd5 20. Bxd5 Rb8 21. b3 e6 22. Bc4 Nc6 23. Qa2 d5 0-1

[Event "Toronto int."]
[Site "Toronto CAN"]
[Date "1998.05.14"]
[Round "1"]
[White "Gurevich, Dmitry"]
[Black "Chow, Albert"]
[Result "1-0"]
[WhiteElo "2540"]
[BlackElo "2330"]
[PlyCount "71"]
[GameId "2160767911873208"]
[EventDate "1998.05.14"]
[EventType "swiss"]
[EventRounds "9"]
[EventCountry "CAN"]
[SourceTitle "CBM 65 ext"]
[Source "ChessBase"]
[SourceDate "1998.09.09"]
[SourceVersion "1"]
[SourceVersionDate "1998.09.09"]
[SourceQuality "1"]

1. d4 Nf6 2. c4 e6 3. Nc3 Bb4 4. e3 c5 5. Nge2 cxd4 6. exd4 d5 7. a3 Be7 8. c5 O-O 9. g3 b6 10. b4 bxc5 11. dxc5 a5 12. Rb1 Nc6 13. Bg2 Rb8 14. Qa4 axb4 15. axb4 Bd7 16. b5 Ne5 17. Qd4 Nc4 18. c6 e5 19. Qd3 Be6 20. O-O d4 21. Ne4 Nxe4 22. Bxe4 f5 23. Bg2 Nd6 24. Rb4 Ne4 25. Ba3 Qa5 26. Rb3 Bxa3 27. Rxa3 Qxb5 28. c7 Rb7 29. Qxb5 Rxb5 30. f4 Rc8 31. fxe5 Rxc7 32. Bxe4 fxe4 33. Nxd4 Rxe5 34. Nxe6 Rc8 35. Rc3 Re8 36. Nc7 1-0

[Event "Toronto int."]
[Site "Toronto CAN"]
[Date "1998.05.14"]
[Round "1"]
[White "Jung, Hans"]
[Black "Davies, Nigel Rodney"]
[Result "1/2-1/2"]
[WhiteElo "2240"]
[BlackElo "2515"]
[PlyCount "112"]
[GameId "2160767911873210"]
[EventDate "1998.05.14"]
[EventType "swiss"]
[EventRounds "9"]
[EventCountry "CAN"]
[SourceTitle "CBM 065 Extra"]
[Source "ChessBase"]
[SourceDate "1998.09.09"]
[SourceVersion "1"]
[SourceVersionDate "1998.09.09"]
[SourceQuality "1"]

1. Nf3 Nf6 2. c4 e6 3. g3 a6 4. Bg2 b5 5. cxb5 axb5 6. d4 Bb7 7. O-O Be7 8. a4 bxa4 9. Rxa4 Na6 10. Bd2 O-O 11. Nc3 Bc6 12. Ra2 Nb4 13. Ra3 Na6 14. Ra2 Qb8 15. Qb1 Qb7 16. Ne1 Bxg2 17. Nxg2 Nb4 18. Rxa8 Rxa8 19. e4 Rb8 20. Rd1 Nc6 21. Bc1 Qb3 22. Qd3 Rb4 23. Qe3 Rc4 24. Rd2 Bb4 25. Rd3 Bxc3 26. bxc3 Qb1 27. f3 Nb4 28. Rd1 Na2 29. Qe2 Qb3 30. Bd2 Nxc3 31. Bxc3 Rxc3 32. Ne1 h6 33. Rd3 Qc4 34. Kf2 d5 35. e5 Nd7 36. Rd2 c5 37. Qxc4 Rxc4 38. f4 cxd4 39. Nf3 Nc5 40. Rxd4 Rc2+ 41. Ke3 Rc3+ 42. Ke2 Kf8 43. Rb4 Rb3 44. Rxb3 Nxb3 45. Kd3 Ke7 46. Kc3 Na5 47. Kd4 Kd7 48. Kc5 Nc4 49. g4 g5 50. fxg5 hxg5 51. Kd4 Ke7 52. Nxg5 Nxe5 53. Kxe5 f6+ 54. Kf4 fxg5+ 55. Kxg5 d4 56. Kf4 e5+ 1/2-1/2

[Event "Toronto int."]
[Site "Toronto CAN"]
[Date "1998.05.14"]
[Round "1"]
[White "Lamb, Bryan"]
[Black "Garcia, Gildardo"]
[Result "0-1"]
[WhiteElo "2110"]
[BlackElo "2505"]
[PlyCount "46"]
[GameId "2160767911873213"]
[EventDate "1998.05.14"]
[EventType "swiss"]
[EventRounds "9"]
[EventCountry "CAN"]
[SourceTitle "CBM 65 ext"]
[Source "ChessBase"]
[SourceDate "1998.09.09"]
[SourceVersion "1"]
[SourceVersionDate "1998.09.09"]
[SourceQuality "1"]

1. c4 e5 2. g3 c6 3. d4 exd4 4. Qxd4 d5 5. cxd5 cxd5 6. Bg2 Nf6 7. Nf3 Nc6 8. Qd3 Bb4+ 9. Nbd2 O-O 10. O-O Re8 11. Nb3 Ne4 12. Be3 Bg4 13. Nfd4 Ne5 14. Qb5 a5 15. h3 Bc8 16. Rad1 Nc4 17. Nc2 Nxb2 18. Nxb4 Nxd1 19. Rxd1 Nc3 20. Bb6 Nxb5 21. Bxd8 axb4 22. Rxd5 Nc3 23. Rd3 Bf5 0-1

[Event "Toronto int."]
[Site "Toronto CAN"]
[Date "1998.05.14"]
[Round "1"]
[White "Novikov, Igor A"]
[Black "Gardner, Robert"]
[Result "1-0"]
[WhiteElo "2550"]
[BlackElo "2180"]
[PlyCount "53"]
[GameId "2160767911873215"]
[EventDate "1998.05.14"]
[EventType "swiss"]
[EventRounds "9"]
[EventCountry "CAN"]
[SourceTitle "CBM 065 Extra"]
[Source "ChessBase"]
[SourceDate "1998.09.09"]
[SourceVersion "1"]
[SourceVersionDate "1998.09.09"]
[SourceQuality "1"]

1. d4 Nf6 2. c4 c5 3. d5 b5 4. cxb5 a6 5. e3 axb5 6. Bxb5 Qa5+ 7. Nc3 Bb7 8. Nge2 Bxd5 9. O-O Bc6 10. a4 g6 11. e4 Nxe4 12. Bxc6 Nxc3 13. Bxd7+ Nxd7 14. Nxc3 Bg7 15. Re1 Ne5 16. Bg5 O-O 17. Bxe7 Rfe8 18. Nd5 c4 19. Nf6+ Bxf6 20. Bxf6 Nd3 21. Rxe8+ Rxe8 22. Bc3 Qc5 23. Qf3 f5 24. a5 Ne5 25. Qb7 Re7 26. Qb8+ Kf7 27. Bb4 1-0

[Event "Toronto int."]
[Site "Toronto CAN"]
[Date "1998.05.14"]
[Round "1"]
[White "Ochkoos, Jura"]
[Black "Yee, Lorne"]
[Result "1/2-1/2"]
[WhiteElo "2270"]
[BlackElo "2189"]
[PlyCount "86"]
[GameId "2160767911873216"]
[EventDate "1998.05.14"]
[EventType "swiss"]
[EventRounds "9"]
[EventCountry "CAN"]
[SourceTitle "CBM 65 ext"]
[Source "ChessBase"]
[SourceDate "1998.09.09"]
[SourceVersion "1"]
[SourceVersionDate "1998.09.09"]
[SourceQuality "1"]

1. e4 d5 2. exd5 Qxd5 3. Nc3 Qa5 4. d4 Bf5 5. Bd2 c6 6. Bc4 e6 7. Nf3 Nd7 8. O-O Ngf6 9. Qe2 Qc7 10. Nh4 Bg6 11. h3 Nb6 12. Bb3 Rd8 13. Be3 Be7 14. Rad1 Nbd5 15. Nxd5 Nxd5 16. Nxg6 hxg6 17. Bc1 O-O 18. c4 Nf6 19. Be3 Rd7 20. Rc1 Rfd8 21. Bc2 Bd6 22. b3 Bf4 23. Rcd1 Bxe3 24. fxe3 c5 25. Qf2 cxd4 26. Rxd4 e5 27. Rxd7 Rxd7 28. Rd1 Qa5 29. Rxd7 Nxd7 30. Be4 Nc5 31. Bd5 Qc7 32. e4 b6 33. Qe3 a5 34. Qg3 Qd6 35. Kh2 Ne6 36. Bxe6 Qxe6 37. Qd3 Qf6 38. Kg1 Kh7 39. Qe3 Qd6 40. Kf2 f6 41. Ke2 Qa3 42. Qxb6 Qxa2+ 43. Kf3 Qc2 1/2-1/2

[Event "Toronto int."]
[Site "Toronto CAN"]
[Date "1998.05.14"]
[Round "1"]
[White "Okolotowicz, Zbigniew"]
[Black "Friedman, Aviv"]
[Result "0-1"]
[WhiteElo "2213"]
[BlackElo "2360"]
[PlyCount "62"]
[GameId "2160767911873217"]
[EventDate "1998.05.14"]
[EventType "swiss"]
[EventRounds "9"]
[EventCountry "CAN"]
[SourceTitle "CBM 65 ext"]
[Source "ChessBase"]
[SourceDate "1998.09.09"]
[SourceVersion "1"]
[SourceVersionDate "1998.09.09"]
[SourceQuality "1"]

1. e4 e6 2. d4 d5 3. Nc3 Nf6 4. Bg5 Be7 5. e5 Nfd7 6. Bxe7 Qxe7 7. f4 O-O 8. Qh5 c5 9. Nf3 cxd4 10. Nxd4 Nc6 11. Bd3 g6 12. Nxc6 bxc6 13. Qh6 f6 14. exf6 Qxf6 15. O-O Rb8 16. Rf3 Rxb2 17. Ne2 Rxc2 18. Rd1 Rxa2 19. Rg3 Qg7 20. Qg5 Nc5 21. Nc1 Ra1 22. h4 Qd4+ 23. Kh2 Qxf4 24. Qe7 Rxc1 25. Rxc1 Nxd3 26. Rxc6 Ne5 27. Rxc8 Ng4+ 28. Kh3 Nf2+ 29. Kh2 Rxc8 30. Qxe6+ Kg7 31. Qxc8 Ne4 0-1

[Event "Toronto int."]
[Site "Toronto CAN"]
[Date "1998.05.14"]
[Round "1"]
[White "Taylor, Gordon"]
[Black "Rozentalis, Eduardas"]
[Result "0-1"]
[WhiteElo "2325"]
[BlackElo "2610"]
[PlyCount "90"]
[GameId "2160767911873219"]
[EventDate "1998.05.14"]
[EventType "swiss"]
[EventRounds "9"]
[EventCountry "CAN"]
[SourceTitle "CBM 65 ext"]
[Source "ChessBase"]
[SourceDate "1998.09.09"]
[SourceVersion "1"]
[SourceVersionDate "1998.09.09"]
[SourceQuality "1"]

1. d4 Nf6 2. c4 e6 3. g3 Bb4+ 4. Bd2 Qe7 5. Bg2 O-O 6. Nc3 Bxc3 7. Bxc3 d5 8. Qb3 Rd8 9. Nf3 b6 10. Ne5 c5 11. dxc5 bxc5 12. O-O Bb7 13. Rfd1 Na6 14. Nd3 Ne4 15. Bxe4 dxe4 16. Nf4 Nb4 17. Rxd8+ Rxd8 18. Bxb4 cxb4 19. Rd1 Rc8 20. Qe3 Bc6 21. h4 h6 22. Qd4 f6 23. h5 Kf7 24. Ng6 Qc7 25. Qc5 Ba4 26. Qxc7+ Rxc7 27. b3 Rd7 28. Rxd7+ Bxd7 29. Nf4 a5 30. Kf1 e5 31. Nd5 Bg4 32. c5 Ke6 33. Nb6 Bxh5 34. Ke1 Be8 35. Nc4 Kd5 36. Nxa5 Kxc5 37. Nc4 Bf7 38. Ne3 Be6 39. Kd2 h5 40. Ng2 g5 41. Ke3 f5 42. f3 exf3 43. exf3 Bd5 44. Ne1 f4+ 45. gxf4 exf4+ 0-1

[Event "Toronto int."]
[Site "Toronto CAN"]
[Date "1998.05.14"]
[Round "1"]
[White "Teodoro, Eduardo"]
[Black "Hum, Peter"]
[Result "1-0"]
[WhiteElo "2365"]
[BlackElo "2267"]
[PlyCount "57"]
[GameId "2160767911873220"]
[EventDate "1998.05.14"]
[EventType "swiss"]
[EventRounds "9"]
[EventCountry "CAN"]
[SourceTitle "CBM 65 ext"]
[Source "ChessBase"]
[SourceDate "1998.09.09"]
[SourceVersion "1"]
[SourceVersionDate "1998.09.09"]
[SourceQuality "1"]

1. e4 c5 2. Nf3 Nc6 3. d4 cxd4 4. Nxd4 e5 5. Nb5 d6 6. N1c3 a6 7. Na3 b5 8. Nd5 Nge7 9. c3 Nxd5 10. exd5 Nb8 11. Nc2 Be7 12. a4 bxa4 13. Rxa4 O-O 14. Be2 a5 15. b4 Bb7 16. b5 Nd7 17. c4 Bg5 18. O-O Qe7 19. Bd2 Nc5 20. Ra3 a4 21. Bb4 Qc7 22. Na1 Bf6 23. Qb1 Rfe8 24. Bc3 Qd8 25. Nc2 Nb3 26. Qa2 Qb6 27. Na1 Nd4 28. Re1 Rec8 29. Bf1 1-0

[Event "Toronto int."]
[Site "Toronto CAN"]
[Date "1998.05.14"]
[Round "1"]
[White "Vucic, Mladen"]
[Black "Stripunsky, Alexander"]
[Result "1-0"]
[WhiteElo "2365"]
[BlackElo "2475"]
[PlyCount "39"]
[GameId "2160767911873221"]
[EventDate "1998.05.14"]
[EventType "swiss"]
[EventRounds "9"]
[EventCountry "CAN"]
[SourceTitle "CBM 65 ext"]
[Source "ChessBase"]
[SourceDate "1998.09.09"]
[SourceVersion "1"]
[SourceVersionDate "1998.09.09"]
[SourceQuality "1"]

1. d4 d5 2. Nf3 Nf6 3. c4 e6 4. Nc3 Bb4 5. cxd5 exd5 6. Bg5 h6 7. Bh4 c5 8. e3 Nc6 9. Be2 g5 10. Bg3 Ne4 11. Rc1 h5 12. dxc5 h4 13. Bd6 Nxd6 14. cxd6 Be6 15. Nd4 Qxd6 16. O-O a6 17. Bg4 Qe5 18. Bxe6 fxe6 19. Qg4 Rh6 20. Nxc6 1-0

[Event "Toronto int."]
[Site "Toronto CAN"]
[Date "1998.05.15"]
[Round "2"]
[White "Acosta, Mariano"]
[Black "Taylor, Gordon"]
[Result "0-1"]
[WhiteElo "2070"]
[BlackElo "2325"]
[PlyCount "60"]
[GameId "2160767911873224"]
[EventDate "1998.05.14"]
[EventType "swiss"]
[EventRounds "9"]
[EventCountry "CAN"]
[SourceTitle "CBM 65 ext"]
[Source "ChessBase"]
[SourceDate "1998.09.09"]
[SourceVersion "1"]
[SourceVersionDate "1998.09.09"]
[SourceQuality "1"]

1. e4 c5 2. g3 g6 3. Bg2 Bg7 4. c3 Nc6 5. Ne2 e5 6. a3 Nge7 7. b4 d6 8. b5 Na5 9. d3 O-O 10. c4 b6 11. Nbc3 Be6 12. Bd2 Qd7 13. h4 Rae8 14. h5 f5 15. h6 Bh8 16. Nd5 fxe4 17. Nxe7+ Rxe7 18. Bxe4 Ref7 19. Bxa5 bxa5 20. O-O Bf6 21. Qd2 Qd8 22. f4 exf4 23. Nxf4 Bd4+ 24. Kg2 Rxf4 25. gxf4 Qh4 26. f5 gxf5 27. Bd5 Bxd5+ 28. cxd5 Rf6 29. Qf4 Rg6+ 30. Kf3 Qh5+ 0-1

[Event "Toronto int."]
[Site "Toronto CAN"]
[Date "1998.05.15"]
[Round "2"]
[White "Davies, Nigel Rodney"]
[Black "Calton, Bill"]
[Result "1-0"]
[WhiteElo "2515"]
[BlackElo "2270"]
[PlyCount "75"]
[GameId "2160767911873227"]
[EventDate "1998.05.14"]
[EventType "swiss"]
[EventRounds "9"]
[EventCountry "CAN"]
[SourceTitle "CBM 065 Extra"]
[Source "ChessBase"]
[SourceDate "1998.09.09"]
[SourceVersion "1"]
[SourceVersionDate "1998.09.09"]
[SourceQuality "1"]

1. c4 f5 2. g3 Nf6 3. Bg2 e6 4. Nf3 d5 5. O-O Bd6 6. b3 Qe7 7. Nc3 c6 8. Qc2 O-O 9. Bb2 e5 10. cxd5 Nxd5 11. d3 Be6 12. Nxd5 Bxd5 13. e4 fxe4 14. dxe4 Bf7 15. Nh4 Be6 16. Nf5 Bxf5 17. exf5 Nd7 18. Rad1 Nf6 19. Qc4+ Kh8 20. Qe6 Qxe6 21. fxe6 Bc5 22. Bxe5 Rae8 23. Bd6 Bxd6 24. Rxd6 g5 25. f4 gxf4 26. Rxf4 Kg7 27. g4 h6 28. Be4 Re7 29. Bf5 Nd5 30. Rf3 Nc7 31. Rd7 Rfe8 32. h4 Kf6 33. Kf2 Nd5 34. Kg3 a5 35. a3 b5 36. Rf2 b4 37. a4 Rc8 38. Be4+ 1-0

[Event "Toronto int."]
[Site "Toronto CAN"]
[Date "1998.05.15"]
[Round "2"]
[White "Dutton, Warren"]
[Black "Ochkoos, Jura"]
[Result "0-1"]
[WhiteElo "2120"]
[BlackElo "2270"]
[PlyCount "100"]
[GameId "2160767911873229"]
[EventDate "1998.05.14"]
[EventType "swiss"]
[EventRounds "9"]
[EventCountry "CAN"]
[SourceTitle "CBM 065 Extra"]
[Source "ChessBase"]
[SourceDate "1998.09.09"]
[SourceVersion "1"]
[SourceVersionDate "1998.09.09"]
[SourceQuality "1"]

1. e4 e5 2. Nf3 Nc6 3. Bc4 Nf6 4. Ng5 d5 5. exd5 b5 6. Bxb5 Qxd5 7. Nc3 Qxg2 8. Qf3 Qxf3 9. Nxf3 Bd7 10. d3 Bd6 11. Bg5 Nh5 12. Ne4 Nb4 13. Bxd7+ Kxd7 14. Kd2 f5 15. Ng3 Nxg3 16. fxg3 Nc6 17. Rhe1 h6 18. Be3 g5 19. Bf2 Rhf8 20. Re2 Rab8 21. b3 g4 22. Nh4 a6 23. Rf1 Ne7 24. d4 e4 25. Be3 h5 26. c4 c6 27. Ref2 Ke6 28. Bg5 a5 29. Bxe7 Bxe7 30. Nxf5 Bg5+ 31. Ke2 Rf7 32. d5+ Ke5 33. Nh4 Rf3 34. Rd1 Bxh4 35. gxh4 Rd8 36. dxc6 Rxd1 37. Rxf3 gxf3+ 38. Kxd1 Kd6 39. a3 e3 40. b4 axb4 41. axb4 Kxc6 42. Ke1 Kd6 43. Kd1 Ke5 44. b5 Kd4 45. b6 Kd3 46. Ke1 f2+ 47. Kf1 Kd2 48. b7 e2+ 49. Kxf2 e1=Q+ 50. Kf3 Qe3+ 0-1